• 首页
  • 本馆介绍
  • 公告通知
  • 最新文献
  • 馆藏检索
  • 电子资源
  • 读者导购
  • 参考咨询
  • 我的图书馆
  • 登录
  • 详细信息显示
  • 放入我的书架
  • 预约/预借图书
  • 作者相关作品
  • 分类相关作品
  • 丛书相关作品
  • 出版社相关作品

书目信息

  • 表格格式
  • 工作单格式
  • 卡片格式
题名:
苏联文学史论文集
    
 
作者: ;中国社会科学院外国文学研究所苏联文学研究室 编
分册:  
出版信息: 北京   外语教学与研究出版社  1982
页数: 406页
开本: 21cm
丛书名:
单 册:
中图分类: I512.4
科图分类:
主题词: 小说--苏联
电子资源:
ISBN:
000 00771nam0 2200229 45
001 0182002598
005 20050414090709.1
010    @dCNY1.60
091    @a10215.65
100    @a19950602d1982 em y0chiy0121 ea
101 1  @achi@crus
102    @aCN@b110000
105    @ay z 000yy
200 10 @a苏联文学史论文集@Asu lian wen xue shi lun wen ji@f中国社会科学院外国文学研究所苏联文学研究室编@FZhong Guo She Hui Ke Xue Yuan Wai Guo Wen Xue Yan Jiu Suo Su Lian Wen Xue Yan Jiu Shi Bian
210    @a北京@c外语教学与研究出版社@d1982
215    @a406页@d21cm
606 0  @a小说@y苏联
690    @aI512.4@v3
711 02 @a中国社会科学院外国文学研究所苏联文学研究室@4编
801  0 @aCN@b上海图书馆@c20030104
801  2 @aCN@bNLC@c20030104
905    @dI512.4@e104@b88640@f1
    
    苏联文学史论文集/中国社会科学院外国文学研究所苏联文学研究室编.-北京:外语教学与研究出版社,1982
    406页;21cm
    
    
    ISBN :CNY1.60
    
●
相关链接 在E读中查询图书 在五车中查询图书 在当当中查询图书 在豆瓣中查询图书


正题名:苏联文学史论文集     索取号:I512.4/104         预约/预借

序号 登录号 条形码 馆藏地/架位号 状态 备注
1 0088639   000688429   密集书库/ [索取号:I512.4/104] 在馆    
2 0088640   001991036   密集书库/ [索取号:I512.4/104] 在馆    
3 0088641   000688410   密集书库/ [索取号:I512.4/104] 在馆    
4 0109048   000688438   第二借阅区/ [索取号:I512.4/104] 在馆    
5 0109049   000688688   密集书库/ [索取号:I512.4/104] 在馆    
6 0109050   000688633   密集书库/ [索取号:I512.4/104] 在馆    
唐山师范学院图书馆 欢迎您!
大连网信软件有限公司© 版权所有